Normal view
MARC view
Entry AUTORIDADES PERSONAS
001 - NÚMERO DE CONTROL
- campo de control: 493
003 - CONTROL
- campo de control: AR-BaSMT
005 - FECHA Y HORA DE LA ÚLTIMA TRANSACCIÓN
- campo de control: 20260505100326.0
008 - ELEMENTOS LONGITUD FÍSICA
- campo de control de longitud fija: 260505|| aca||aabn | a|a d
024 7# - OTROS INDICADORES NORMALIZADOS
- Fuente: VIAF
- Número estándar o código: http://viaf.org/viaf/120599803
040 ## - FUENTE DE CATALOGACIÓN
- Agencia que cataloga: AR-BaSMT
- Idioma de catalogación: spa
- Norma: RDA
100 1# - ENCABEZAMIENTO-NOMBRE DE PERSONA
- Nombre de persona: Folgueira, Rodrigo
- Numeración: 1972-
370 ## - LUGAR ASOCIADO
- País de nacimiento : Argentina
372 ## - CAMPO DE ACTIVIDAD
- Fuente (LEMB) : LEMB
- Campo en el que la persona se ha dedicado : Literatura
374 ## - OCUPACIÓN
- Fuente Ej: LEMB : LEMB
- Ocupación: Escritor
375 ## - GÉNERO/SEXO
- Masculino, femenino, desconocido, intersexo, … : Hombre
377 ## - IDIOMA ASOCIADO
- Código (spa) : spa
- Lengua (español) : español
400 0# - TRAZADO DE VÉASE--NOMBRE DE PERSONA
- Nombre de persona: Rodrigo Folgueira
- Fecha asociada al nombre : 1972-
670 ## - FUENTE DE DATOS ENCONTRADOS
- Cita de la fuente: Mi perro Roberto, 2023
- Donde se localiza la información: Portada
